00712nam a2200181Ia 4500008004100000020001500041040001800056041000800074100003000082245013700112260004800249300001800297504003900315650002300354650005200377650005600429650004500485130821s1999 ck gr spa  a958665026X aCo-BoUCMbspa00aspa1 aCórtes Rodas, Francisco10aDe la política de la libertad a la política de la igualdad ensayo sobre los límites del liberalismocFrancisco Cortés Rodas aBogotá (Colombia)bSiglo del Hombrec1999 a180 páginas aIncluye bibliografía e índice.04aCiencia política04aÉtica políticavEnsayos, conferencias, etc.04aFilosofía políticavEnsayos, conferencias, etc.04aLiberalismovEnsayos, conferencias, etc.